000 00294nam a22001337a 4500
008 170914b xxu||||| |||| 00| 0 eng d
020 _a9780495004721
041 _aeng
080 _a7
100 _a44
101 _aART
245 _aTHEATRE A WAY OF SEEING
_cBARRANGER,M.S
942 _2udc
_cBK
999 _c27666
_d27666